Planomernost' chozjajstvennogo vzaimodejstvija stran SEV

Enregistré dans:
Détails bibliographiques
Auteur principal: Ultanbajev, Rafael' Rafil'bekovič
Format: Livre
Langue:russe
Publié: Moskva Ekonomika 1984
Tags: Ajouter un tag
Pas de tags, Soyez le premier à ajouter un tag!

MARC

LEADER 00000nam a2200000 4500
001 c105799
005 20041019155135.5
041 0 |a rus 
044 |a RU 
245 1 0 |a Planomernost' chozjajstvennogo vzaimodejstvija stran SEV  |c Rafael' Rafil'bekovič Ultanbajev 
264 1 |a Moskva  |b Ekonomika  |c 1984 
300 |a 213 s. 
100 1 |a Ultanbajev, Rafael' Rafil'bekovič